Geography by Letter - U - Statistics

General Stats
  • This quiz has been taken 143,623 times
    41,056 since last reset
  • The average score is 15 of 20
Answer Stats
Hint Answer % Correct
Country in Africa Uganda
99%
Country in South America Uruguay
99%
Country whose national anthem is "God Save the King" United Kingdom
98%
One of the -stan countries Uzbekistan
98%
The opposite of rural Urban
96%
U.S. state with a four-letter name Utah
94%
Country which declared its independence in 1776 United States
93%
Initials which the Soviet Union was known by USSR
91%
National language of Pakistan Urdu
80%
Country on the Black Sea Ukraine
79%
Capital of Mongolia Ulaanbaatar
79%
Mountain ranges that separates Europe and Asia {Ural} Mountains
79%
Animal on Scotland's coat-of-arms Unicorn
64%
Another name for Ayers Rock Uluru
57%
Fourth largest city in the Netherlands Utrecht
54%
Turkic ethnic group who lives in northwestern China Uyghurs
47%
Region that comprises the northern part of Ireland Ulster
46%
The more northerly of Michigan's two peninsulas {Upper} Peninsula
46%
With over 240 million people, it is the world's most populous country subdivision {Uttar} Pradesh
45%
Landlocked Italian region whose capital is Perugia Umbria
39%
No matching quizzes found
Score Distribution
Percent of People with Each Score
Percentile by Number Answered
Your Score History
You have not taken this quiz since the last reset